000 00539nam a2200217 a 4500
001 0001-2135
003 ELIB.Books
008 190724 2010 eng
020 _aKBTS
092 _a220.91
_bGlu
100 _aGlueck, Nelson.
245 _aThe River Jordan
260 _aPhiladelphia
_bThe Westminster Press
_c1946
300 _a268
_c23.5cm
650 _aTheology
856 _nKBTS Library
_uKBTS Elib
942 _2ddc
_cBK
990 _a1
998 _aEnglishbooks.elf
_ccat
_e2019-07-24
999 _c12135
_d12135